Within Nietzsche's labyrinth = Dentro de Nietzsche laberinto /
Salvato in:
| Autore principale: | |
|---|---|
| Natura: | Sconosciuto |
| Lingua: | English |
| Pubblicazione: |
New York :
Routledge,
1990.
|
| Soggetti: | |
| Tags: |
Aggiungi Tag
Nessun Tag, puoi essere il primo ad aggiungerne!!
|
MARC
| LEADER | 000000000a22000000004500 | ||
|---|---|---|---|
| 001 | 015503 | ||
| 020 | |a 0415903270 | ||
| 041 | 0 | |a eng | |
| 082 | 0 | 4 | |a 193 |b W581w |
| 100 | 1 | |a White, Alan, |d 1951- | |
| 245 | 1 | 0 | |a Within Nietzsche's labyrinth = |b Dentro de Nietzsche laberinto / |c Alan White. |
| 260 | 1 | |a New York : |b Routledge, |c 1990. | |
| 300 | |a xiv, 188 páginas ; |c 23 cm. | ||
| 650 | 4 | |a NIETZSCHE, FRIEDRICH WILHELM, 1844-1900 | |
| 500 | |a Colección George Yúdice | ||
| 999 | |c 21351 |d 21351 | ||
| 942 | |c BK |h 193 W581w |2 z | ||



